Lectura y escritura. Teorías y promoción

保存先:
書誌詳細
第一著者: Espinosa Arango, Carolina (著者)
フォーマット: 図書
言語:スペイン語
出版事項: Buenos Aires Novedades Educativas 1998
版:1a. ed
主題:
タグ: タグ追加
タグなし, このレコードへの初めてのタグを付けませんか!

MARC

LEADER 00000nam a2200000 a 4500
001 UCI3648
003 CL-VaPUC
008 071123e19980000AG |||||||||||||||||spa|d
020 |a 9879191250 
082 0 4 |a 372.4  |b ESP  |2 21 
100 0 |a Espinosa Arango, Carolina  |e author  |9 525087 
245 1 0 |a Lectura y escritura. Teorías y promoción 
250 |a 1a. ed 
300 |a 141 p 
942 |c BK 
945 |d 20071123 00:00:00  |a rbrito 
260 |a Buenos Aires  |b Novedades Educativas  |c 1998 
650 0 |a Enseñanza de la lectura  |9 308364 
650 0 |a Lectura  |9 307634 
650 0 |a Escritura  |9 264941 
650 0 |a Técnicas de comunicación  |9 334811 
650 0 |a Promoción de la lectura   |9 334232 
650 0 |a Proceso de comunicación   |9 332060 
583 |a last modification  |c 20071123 00:00:00  |k Rodrigo Vera 
999 |c 327780  |d 327778 
952 |0 0  |1 0  |4 0  |6 372_400000000000000_ESP_1998  |7 0  |8 A  |9 411204  |a BIBEDU  |b BIBEDU  |c ES_NOD  |d 2019-11-22  |i 4391462  |o 372.4 ESP 1998  |p 4391462  |r 2023-08-09  |w 2019-11-22  |y BK  |k EBA